00614nam a22001337a 4500003000500000082000800005100002600013245022100039264003700260300003100297650005000328700004500378856005700423NUST a670 a Elahi ,Muhammad Umar aDevelopment of Continuous Drive Friction Welding (CDFW) model in ABAQUS for AA 6061-T6 alloy to verify experimental results and to predict behavior of similar and dissimilar alloys AA 6061-5083 /cMuhammad Umar Elahi aIslamabad: bSMME- NUST. c2021. a42p. ;bSoft Copy, c30cm. aMS Design and Manufacturing Engineering  aSupervisor : Dr. Shahid Ikram Ullah Butt uhttp://10.250.8.41:8080/xmlui/handle/123456789/25839